|
|
|
|
| LEADER |
00910nam a22002652a 4500 |
| 001 |
000843634 |
| 003 |
CZ BrMZK |
| 005 |
20070305100729.0 |
| 007 |
ta |
| 008 |
070305s1986 xr a er|||||||||||cze d |
| 015 |
|
|
|a cnb000031830
|
| 035 |
|
|
|a (OCoLC)39435333
|
| 040 |
|
|
|a BOA001
|b cze
|
| 080 |
9 |
|
|a 885.0-13
|
| 080 |
9 |
|
|a 885.0-991
|
| 100 |
1 |
|
|a Kožnar, Zbyněk,
|d 1925-1986
|7 jk01062677
|4 aut
|
| 245 |
1 |
0 |
|a Pierot a Kolombína :
|b památce Jeana-Baptista Gasparda Deburaua /
|c Zbyněk Kožnar ; studii Od Labe k Seině napsal Zdeněk Jelínek ; ilustroval Josef Švarc
|
| 260 |
|
|
|a Kolín :
|b Regionální muzeum,
|c 1986
|
| 300 |
|
|
|a 88 s. :
|b il.
|
| 504 |
|
|
|a Obsahuje bibliografii
|
| 910 |
|
|
|a BOA001
|b 2-0916.467
|
| 964 |
|
|
|a Deburau, Jean Gaspard - jubilejní publikace
|
| 990 |
|
|
|a BK
|
| 991 |
|
|
|b 200703
|
| 996 |
6 |
|
|b 2619255893
|c 2-0916.467
|l MZK
|r Sklad / do 1 hodiny
|n 0
|w 000843634
|u 000010
|a 1
|e BOA001
|j MZK50
|s P
|